000 00337 a2200145 4500
001 177352
020 _a
040 _cMagnum
100 _aAguiar, Katia Valeria Ferreira
240 1 0 _aComunicacao e integracao/v.3
_lpor
245 1 0 _aComunicacao e integracao/v.3
362 0 _a1899
697 _aMAGNITO: PARADIDATICO
942 _cBK
999 _c177352
_d177352